[Event "Kostroma Volga Cup op"]
[Site "Kostroma"]
[Date "2010.07.??"]
[Round "6"]
[White "Natacheev, Peter"]
[Black "Iskhakov, Kamil"]
[Result "1-0"]
[WhiteElo "2233"]
[BlackElo "1882"]
[PlyCount "61"]
[EventDate "2010.07.??"]
[EventType "swiss"]
[EventRounds "9"]
[EventCountry "RUS"]
[SourceTitle "EXT 2011"]
[Source "ChessBase"]
[SourceDate "2010.11.26"]
[SourceVersion "1"]
[SourceVersionDate "2010.11.26"]
[SourceQuality "1"]

1. e4 e5 2. Nc3 Nc6 3. g3 Nf6 4. Bg2 Bc5 5. Nge2 a6 6. 0-0 d6 7. h3 h5 8. d3 h4 9. g4 Be6 10. Nd5 Nxg4 11. hxg4 Bxg4 12. Kh2 Nd4 13. f3 Nxe2 14. Qxe2 Be6 15. Be3 Bxe3 16. Qxe3 c6 17. Nb6 Rb8 18. c4 f6 19. Bh3 Bxh3 20. Kxh3 g5 21. b4 Kf7 22. a4 Qe7 23. Qg1 d5 24. cxd5 Qxb4 25. Rab1 Qd2 26. Qg4 Rbg8 27. Nc4 Qxd3 28. Rxb7+ Kg6 29. Nxe5+ fxe5 30. Qf5+ Kh6 31. Kg4 1-0

[Event "Kostroma Volga Cup op"]
[Site "Kostroma"]
[Date "2009.07.??"]
[Round "2"]
[White "Vedeneev, Oleg"]
[Black "Iskhakov, Kamil"]
[Result "1-0"]
[WhiteElo "2171"]
[BlackElo "2159"]
[PlyCount "61"]
[EventDate "2009.07.03"]
[EventType "swiss"]
[EventRounds "9"]
[EventCountry "RUS"]
[SourceTitle "EXT 2021"]
[Source "ChessBase"]
[SourceDate "2020.10.23"]
[SourceVersion "1"]
[SourceVersionDate "2020.10.23"]
[SourceQuality "1"]

1. e4 e5 2. Nf3 Nc6 3. d4 exd4 4. Nxd4 Bc5 5. Be3 Qf6 6. c3 Nge7 7. Bc4 Bb6 8. 0-0 Ne5 9. Be2 d5 10. f4 N5c6 11. e5 Qg6 12. Rf3 Nxd4 13. Bxd4 Bxd4+ 14. cxd4 Bg4 15. Rg3 Bxe2 16. Qxe2 Qb6 17. Rd3 Ng6 18. g3 0-0 19. Nc3 c6 20. f5 Ne7 21. Rf1 Rae8 22. Na4 Qb5 23. Nc3 Qa6 24. Qd1 Qc4 25. b3 Qb4 26. f6 Ng6 27. h4 Nxe5 28. dxe5 Rxe5 29. fxg7 Rfe8 30. Rdf3 Qe7 31. Qd4 1-0